Personnages de dessins animés en images - K - Statistiques

Statistiques générales
  • Ce quiz a été pris 765 fois
  • Le résultat moyen est 8 sur 16
Statistiques - réponses
Par images Réponse % Correct
Kirikou
97%
Ken
90%
Karaba
82%
Kuzco
80%
Kristoff
74%
Krokmou
64%
Kaa
59%
Krabs
53%
Kiki
50%
Koda
37%
Kronk
34%
Kiara
33%
Klaus
33%
Kognedur et Kranedur
18%
Kenaï
17%
Pricesse Kidagakash
17%
Aucun quiz correspondant
Distribution des résultats
% des personnes avec chaque résultat
Percentile par nombre de réponses
Votre historique - résultats
Vous n’avez pas pris ce quiz